|
|
|
|
| LEADER |
00000nam a2200000Ii 4500 |
| 001 |
DIGANAGRA0649 |
| 003 |
NyNyDIG |
| 006 |
m o d |
| 007 |
cr ||||||||||| |
| 008 |
220919s2015 sp o 000 f spa d |
| 035 |
|
|
|a (OCoLC)1350507489
|
| 040 |
|
|
|a DGITA
|b eng
|e rda
|e pn
|c DGITA
|
| 020 |
|
|
|a 9788433935830
|q digital
|
| 020 |
|
|
|z 9788433966629
|
| 041 |
1 |
|
|a spa
|h eng
|
| 043 |
|
|
|a e-uk-en
|
| 050 |
1 |
4 |
|a PR6061.E784 ebook
|
| 082 |
0 |
4 |
|a 823.914
|
| 100 |
1 |
|
|a Kerr, Philip,
|e author.
|
| 240 |
1 |
0 |
|a Philosophical investigation.
|l Spanish
|s (Bach)
|
| 245 |
1 |
4 |
|a Una investigación filosófica /
|c Philip Kerr ; traducción de Mauricio Bach.
|
| 250 |
|
|
|a Edición en formato digital.
|
| 264 |
|
1 |
|a Barcelona :
|b Editorial Anagrama,
|c [2015]
|
| 300 |
|
|
|a 1 online resource.
|
| 336 |
|
|
|a text
|b txt
|2 rdacontent
|
| 337 |
|
|
|a computer
|b c
|2 rdamedia
|
| 338 |
|
|
|a online resource
|b cr
|2 rdacarrier
|
| 347 |
|
|
|a text file
|2 rdaft
|
| 347 |
|
|
|b EPUB
|
| 490 |
1 |
|
|a Colección compactos
|
| 588 |
0 |
|
|a Online resource; title from ePub title page (Digitalia, viewed September 19, 2022)
|
| 650 |
|
0 |
|a Police
|z England
|z London
|v Fiction.
|
| 650 |
|
0 |
|a Twenty-first century
|v Fiction.
|
| 650 |
|
0 |
|a Serial murders
|v Fiction.
|
| 650 |
|
0 |
|a Policewomen
|v Fiction.
|
| 651 |
|
0 |
|a London (England)
|
| 655 |
|
7 |
|a Fiction.
|2 lcgft
|
| 655 |
|
7 |
|a Detective and mystery fiction.
|2 lcgft
|
| 655 |
|
0 |
|a Electronic books.
|
| 700 |
1 |
|
|a Bach, Mauricio,
|d 1965-
|e translator.
|
| 700 |
1 |
|
|i Translation of:
|a Kerr, Philip.
|t Philosophical investigation.
|
| 791 |
2 |
|
|a Digitalia (Firm),
|e distributor.
|
| 793 |
0 |
|
|g Digitalia eBook Collection:
|a Anagrama
|
| 776 |
0 |
8 |
|i Print version:
|a Kerr, Philip.
|s Philosophical investigation. Spanish (Bach).
|t Investigación filosófica.
|d Barcelona : Editorial Anagrama, [1992]
|z 9788433966629
|
| 830 |
|
0 |
|a Colección compactos ;
|v 231.
|
| 856 |
4 |
0 |
|3 Digitalia Hispánica
|u https://www.digitaliapublishing.com/a/42086/
|
| 910 |
|
|
|a Premium collection: 2022
|